Statistics for 1990s U.S. Television by Picture

Click here to take the quiz!

General Stats

  • This quiz has been taken 13,090 times
  • The average score is 10 of 16

Answer Stats

Answer% Correct
The Simpsons
97%
Friends
96%
The Fresh Prince of Bel-Air
91%
Seinfeld
87%
Full House
68%
The X-Files
67%
Roseanne
58%
ER
57%
Frasier
55%
Home Improvement
55%
Married ... With Children
53%
Beverly Hills, 90210
50%
Blossom
35%
Quantum Leap
32%
Murphy Brown
30%
In Living Color
23%

Score Distribution

Percentile by Number Answered

Percent of People with Each Score

Your Score History

You have not taken this quiz